

| 000 -LEADER | |
|---|---|
| fixed length control field | 01712nam a2200217Ia 4500 |
| 003 - CONTROL NUMBER IDENTIFIER | |
| control field | OSt |
| 005 - DATE AND TIME OF LATEST TRANSACTION | |
| control field | 20201010124136.0 |
| 008 - FIXED-LENGTH DATA ELEMENTS--GENERAL INFORMATION | |
| fixed length control field | 160316s2013 xxu||||| |||| 00| 0 eng d |
| 020 ## - INTERNATIONAL STANDARD BOOK NUMBER | |
| International Standard Book Number | 9783830550242 |
| 040 ## - CATALOGING SOURCE | |
| Transcribing agency | NLS |
| 082 ## - DEWEY DECIMAL CLASSIFICATION NUMBER | |
| Classification number | 341.470000 |
| Item number | HOB |
| 100 ## - MAIN ENTRY--PERSONAL NAME | |
| Personal name | Hobe Stephan |
| 245 ## - TITLE STATEMENT | |
| Title | Cologne commentary on space law Vol. II Resuce agreement, liability convention, registration convention, moon agreement |
| 260 ## - PUBLICATION, DISTRIBUTION, ETC. | |
| Place of publication, distribution, etc. | Deutsche |
| Name of publisher, distributor, etc. | Carl Heymanns Berlag |
| Date of publication, distribution, etc. | 2013 |
| 300 ## - PHYSICAL DESCRIPTION | |
| Extent | 446p |
| Dimensions | xxxix |
| 365 ## - TRADE PRICE | |
| Price amount | $ 82.00 |
| 505 ## - FORMATTED CONTENTS NOTE | |
| Formatted contents note | Description<br/>The Cologne Commentary on Space Law is a three-volume annotation on the written norms of space law as enunciated through the Treaties of the United Nations and its General Assembly Resolutions which was first published between 2009 and 2015. In the Commentary, a broad international authorship of worldwide recognized experts addresses the historical overview and provides a provision-by-provision interpretation of the international treaties and the UN GA Resolutions on space law. Thereby, in-depth insights into the subsequent state practice, present-day applicability and future perspectives of the norms of space law are provided. Volume II builds upon Volume I of the Commentary and addresses the four UN Treaties that were adopted after the 1967 Outer Space Treaty: the 1968 Rescue Agreement, the 1972 Liability Convention, the 1975 Registration Convention and the 1979 Moon Agreement. For the Russian translation of Volume II, the text of the Commentary has been updated to reflect the relevant most recent developments up to 2019.<br/> |
| 650 ## - SUBJECT ADDED ENTRY--TOPICAL TERM | |
| Topical term or geographic name entry element | 1. International Space Law - Commentary |
| 700 ## - ADDED ENTRY--PERSONAL NAME | |
| Personal name | Schmidt-Tedd Bernhard |
| -- | Schrogl Kai-Uwe |
| 942 ## - ADDED ENTRY ELEMENTS (KOHA) | |
| Source of classification or shelving scheme | Dewey Decimal Classification |
| Koha item type | BOOKs |
| Withdrawn status | Lost status | Damaged status | Not for loan | Home library | Current library | Shelving location | Date acquired | Total Checkouts | Full call number | Barcode | Date last seen | Price effective from | Koha item type |
|---|---|---|---|---|---|---|---|---|---|---|---|---|---|
| Not For Loan | NLS | NLS | REFERENCE SECTION | 30/05/2017 | 341.47 HOB | 34916 | 30/05/2017 | 30/05/2017 | BOOKs |